| 000 | 003330000a22001330004500 | ||
|---|---|---|---|
| 041 | 0 | _aENG | |
| 082 | 0 | 4 | _aG 922 P3613m |
| 100 | 1 | _aPearson, B. H. | |
| 245 | 1 | 0 | _aThe monk who lived again : A tale of South America / B.H. Pearson |
| 260 | _aWinona Lake, IN., USA : Light and Life | ||
| 300 | _a185 Pag | ||
| 001 | 11775 | ||
| 942 | _cBK | ||
| 999 |
_c40884 _d40884 |
||